| 000 | 03375nam a2200313 a 4500 | ||
|---|---|---|---|
| 001 | BRCA_5192 | ||
| 005 | 20190320204958.0 | ||
| 008 | 251110s1736----mx-######v---#000-0#spa-# | ||
| 041 | _aspa | ||
| 044 | _amx | ||
| 084 |
_aDOC126 _b.M38 _c1736 |
||
| 100 | 1 |
_aMata, Phelipe Antonio de _cTesorero _913294 |
|
| 245 | 1 | 0 |
_aCuenta que presenta Don Phelipe Antonio de Mata _cPhelipe Antonio de Mata. |
| 260 |
_aMéxico _c1736 |
||
| 300 |
_a[62] fojas _c32 x 23 cm |
||
| 500 | _aDocumento expedido en 1736 | ||
| 500 | _aCuenta que presenta Don Phelipe Antonio de Mata Tesorero Mayordomo de los propios y Rentas de esta Novilísima Ciudad; a los señores de el Cabildo y su distribución desde primero de enero hasta fin de diciembre de 1736 | ||
| 500 | _aDocumento contiene la leyenda DOC. #294 | ||
| 500 | _aPapel con marca de agua | ||
| 500 | _aAl margen: SELLOS DEL GOBIERNO ESPAÑOL CON ESCUDOS | ||
| 500 | _aEstado de conservación: contiene acido, márgenes maltratados | ||
| 505 | 0 | _aContenido: CARGOS de lo cobrado de arrendamiento de cajones, casas y tiendas viejas de Frontera de San Bernardo, de lo producido, las asesorías del Rastro, las dos casas de panadería, de lo cobrado en el Posito, de los réditos de cenzos, de lo cobrado de mercedes de agua, de varias cantidades que han entregado a mi poder, de la renta de las casas y tiendas nuevas de la Monterilla; del pago del Gremio Tocinero, arrendamiento de las tablas que se repartieron en el Rastro Viejo de San Antonio Abad; el 31 de marzo de 1736, del arrendamiento del Rastro Nuevo de la Callejuela; del arrendamiento que paga el fiel contraste de esta ciudad; del arrendamiento de fiel del campo por 900 pesos al año. Resumen General de las Partidas del Cargo; Al final Sumario General del cargo; Advertencia la Plaza Mayor de esta ciudad está adjudicada en arrendamiento a Don Francisco Cameros por nueve años que empezaron a correr desde primero de enero de 1732. -- DATA de lo gastado en cañerías, gastos de lo anterior para gastos de pleitos, de los gastos Ordinarios y Extraordinarios, hechos en todo este año 1736, Resumen y Sumario General de las partidas de Data, Resolución de Cargo y Data. -- Cuenta y relación jurada que dá Don Phelipe Antonio de Mata Tesorero Mayordomo de los propios y Rentas de esta Novelisíma Ciudad, a los señores de el Cabildo, Justicia y Regimiento de ella; de lo procedido de ellas desde primero de enero hasta 31 de diciembre de 1736; incluyéndose en ella, asimismo, lo que redituan las casas y tiendas nuevas de la Monterilla y Callejuela. -- Data de lo que tengo pagado de salarios al Juez, Supereintendente, Corregidor, Regidores y Ministros de esta novelisímima Ciudad de un año cumplido en fin de diciembre de 1736. -- DATA de lo pagado un réditos a los Anzuatarios de un año cumplido en fin de diciembre de 1736; Data de lo pagado de atrasados este año de 1736, data de lo gastado en fiestas, de lo gastado en propinas, cuenta ajustada, glosada y fenecida de 1736, sumario del cargo. | |
| 506 | 0 | _aFondo reservado: para su consulta es necesario credencial de usuario y carta de motivos | |
| 546 | _aTexto en español de principios del siglo XVIII | ||
| 600 | 1 | 4 |
_aMata, Phelipe Antonio de _cTesorero _913294 |
| 650 | 1 | 4 |
_aDocumentos legales _vManuscrito _xHistoria _yColonia, 1521-1821 _zMéxico _913295 |
| 902 | _aFDH | ||
| 942 |
_2lcc _cD |
||
| 999 |
_c4886 _d4886 |
||